Online
Catalog

La radiodifusión dominicana / (Record no. 7352)

MARC details
000 -CABECERA
campo de control de longitud fija 02043nam a2200301 a 4500
001 - NÚMERO DE CONTROL
campo de control 000007571
005 - FECHA Y HORA DE LA ÚLTIMA TRANSACCIÓN
campo de control 20200929154222.0
008 - DATOS DE LONGITUD FIJA--INFORMACIÓN GENERAL
campo de control de longitud fija 090909t1995 dr 001 0 spa d
040 ## - FUENTE DE LA CATALOGACIÓN
Centro catalogador/agencia de origen DO-SdBNP
Lengua de catalogación spa
Centro/agencia transcriptor BNPHU
082 ## - NÚMERO DE LA CLASIFICACIÓN DECIMAL DEWEY
Número de clasificación 384.54097293
Número de documento/Ítem S237r
049 ## - FONDOS LOCALES (OCLC)
Fondos de biblioteca BNPD
100 1# - ENTRADA PRINCIPAL--NOMBRE DE PERSONA
Nombre de persona Santos, Luis de los
9 (RLIN) 21011
245 13 - MENCIÓN DE TÍTULO
Título La radiodifusión dominicana /
Mención de responsabilidad, etc. Luis de los Santos.
260 ## - PUBLICACIÓN, DISTRIBUCIÓN, ETC.
Lugar de publicación, distribución, etc. Santo Domingo :
Nombre del editor, distribuidor, etc. Corripio,
Fecha de publicación, distribución, etc. 1995.
300 ## - DESCRIPCIÓN FÍSICA
Extensión 238 p. ;
Dimensiones 24 cm.
500 ## - NOTA GENERAL
Nota general Incluye datos biográficos del autor en la contracubierta.
500 ## - NOTA GENERAL
Nota general Incluye bibliografía y notas al pie de páginas.
502 ## - NOTA DE TESIS
Nota de tesis Tesis (Lic.) Universidad Central de Venezuela.
504 ## - NOTA DE BIBLIOGRAFÍA, ETC.
Nota de bibliografía, etc. Bibliografía: p. 119-122.
505 0# - NOTA DE CONTENIDO CON FORMATO
Información miscelánea Introducción --
-- Metodología --
Título Elementos descriptivos y analíticos de la radiodifusión --
-- La radiodifusión dominicana --
-- Régimen de propiedad y capitales declarados --
-- Estudio inventario de la radiodifusión audiovisual --
-- Contenidos de la programación --
-- Factores de poder, grupos de presión y otros --
-- Situación legal de la radiodifusión --
-- Antecedendes en otos países y el caso dominicano --
-- República Dominicana: ausente en políticas --
-- Exposición de motivos para una política --
-- Conclusiones y recomendaciones --
Información miscelánea Anexos:
Título Ley no. 6132, de expresión y difusión del pensamiento --
-- Lista de estaciones radiodifusoras --
-- Ley no.118, de telecomunicaciones --
-- Reglamento no. 824, de espectáculos públicos y radiofonía --
-- Ley no. 793, que libera de aranceles a los medios --
-- Ley no. 908 que prohibe otorgamiento de nuevos canales --
-- Correspondencias.
590 ## - NOTA LOCAL (RLIN)
Nota local Inventariado, 2018/VM
650 #4 - PUNTO DE ACCESO ADICIONAL DE MATERIA--TÉRMINO DE MATERIA
Término de materia o nombre geográfico como elemento de entrada Radiodifusión
Subdivisión general Historia
Subdivisión geográfica República Dominicana
9 (RLIN) 21012
650 #4 - PUNTO DE ACCESO ADICIONAL DE MATERIA--TÉRMINO DE MATERIA
Término de materia o nombre geográfico como elemento de entrada Radioemisoras
Subdivisión geográfica República Dominicana
9 (RLIN) 21013
650 #4 - PUNTO DE ACCESO ADICIONAL DE MATERIA--TÉRMINO DE MATERIA
Término de materia o nombre geográfico como elemento de entrada Política de radiodifusión
Subdivisión geográfica República Dominicana
9 (RLIN) 21014
650 #4 - PUNTO DE ACCESO ADICIONAL DE MATERIA--TÉRMINO DE MATERIA
Término de materia o nombre geográfico como elemento de entrada Programas de radio
Subdivisión geográfica República Dominicana
9 (RLIN) 21015
650 #4 - PUNTO DE ACCESO ADICIONAL DE MATERIA--TÉRMINO DE MATERIA
Término de materia o nombre geográfico como elemento de entrada Medios de comunicación de masas
Subdivisión general Historia
-- República dominicana
9 (RLIN) 21016
910 ## - DATOS DE OPCIÓN DEL USUARIO (OCLC)
Datos de opción del usuario Validado. Control de calidad EMS.
Holdings
Estado de retiro Estado de pérdida Restricciones de uso No para préstamo Código de colección Localización permanente Ubicación/localización actual Ubicación en estantería Fecha de adquisición Número de inventario Total de préstamos Signatura topográfica completa Código de barras Fecha visto por última vez Número de copia Precio válido a partir de Tipo de ítem Koha
        Dominicana de Servicio General General Depósito 17.09.2010 LF1   384.54097293 S237r 7571-30 25.06.2020 e. 3 25.06.2020 Libro y Folleto Colección Dominicana de Servicio
      Excluido de préstamo Patrimonio Dominicano Patrimonio Dominicano Patrimonio Dominicano Depósito 09.09.2009 LF1   384.54097293 S237r 7571-10 25.06.2020   25.06.2020 Libro y Folleto Colección Patrimonio Dominicano
      Excluido de préstamo Patrimonio Dominicano Patrimonio Dominicano Patrimonio Dominicano Depósito 09.09.2009 LF1   384.54097293 S237r 7571-20 25.06.2020 e. 2 25.06.2020 Libro y Folleto Colección Patrimonio Dominicano

Powered by Koha